| 000 | 00591nam a22001817a 4500 | ||
|---|---|---|---|
| 999 |
_c16793 _d16793 |
||
| 003 | AR-CdUCM | ||
| 008 | 190506b ||||| |||| 00| 0 spa d | ||
| 040 |
_aMUNICIPALIDAD PROVINCIAL DEL CUSCO _cBIBLIOTECA MUNICIPAL DEL CUSCO |
||
| 082 |
_a070.43 / _bJ13 |
||
| 100 |
_aJacoby, Susan _936460 |
||
| 245 | _aConversaciones en Moscu / | ||
| 260 |
_aBuenos Aires : _bIntercontinental, _c1974. |
||
| 300 |
_a351 páginas ; _c20 cm. |
||
| 505 | _aGhettos y guardias -- Galina -- Boris Alesksiivish -- Tanya -- Gyusel Amalrik... | ||
| 650 |
_aMoscú _94830 |
||
| 942 |
_2ddc _cLIBROS |
||
| 945 | _awfj | ||